00911nam a22002657a 45000010002000000030006000020050017000080080041000250200018000660200015000840400030000990420009001290500024001380820015001621000030001772450038002072600036002453000020002815200096003015210016003975210016004136500019004298560091004488560106005394FISKH20230220162024.0230220b cb ||||| |||| 00| 0 eng d a9780545109239 a054510923X aDLCcDLCdDLCdFISKHbeng alcac00aPZ7b.D9117 Ho 200800a428.642221 aDuncan, Lois,d1934-2016.10aHotel for dogs /cby Lois Duncan. aNew York :bScholastic,cc2008. a178 p. c20 cm. aLiz and her brother wind up with nine stray dogs that need homes but must be kept a secret. a730bLexile a TbRaz-Paz 1aDogsvFiction.423Publisher descriptionuhttp://www.loc.gov/catdir/enhancements/fy1116/2008022767-d.html423Contributor biographical informationuhttp://www.loc.gov/catdir/enhancements/fy1301/2008022767-b.html